[Event "90th YMCA Spring-B"]
[Site "Warszawa"]
[Date "2011.04.21"]
[Round "9"]
[White "Potocki, Karol"]
[Black "Rozowski, Marcin"]
[Result "1/2-1/2"]
[WhiteElo "1860"]
[BlackElo "1893"]
[Annotator "Admin"]
[PlyCount "21"]
[EventDate "2011.04.05"]
[EventType "tourn"]
[EventRounds "1"]
[EventCountry "POL"]
[SourceDate "2011.04.06"]

1. e4 c6 2. d4 d5 3. exd5 cxd5 4. Bd3 Nf6 5. h3 e6 6. Nf3 Be7 7. O-O O-O 8. Bf4
a6 9. Nbd2 b5 10. a3 Bb7 11. Ne5 $11 1/2-1/2

[Event "90th YMCA Spring-B"]
[Site "Warszawa"]
[Date "2011.04.15"]
[Round "10"]
[White "Kurowski, Andrzej"]
[Black "Potocki, Karol"]
[Result "1/2-1/2"]
[WhiteElo "1849"]
[BlackElo "1860"]
[Annotator "Admin"]
[PlyCount "82"]
[EventDate "2011.04.05"]
[EventType "tourn"]
[EventRounds "1"]
[EventCountry "POL"]
[SourceDate "2011.04.06"]

1. d4 d5 2. Nf3 c6 3. c4 Nf6 4. Nc3 e6 5. Bg5 h6 6. Bxf6 Qxf6 7. e3 Nd7 8. Bd3
dxc4 9. Bxc4 g6 10. O-O Bg7 11. b4 O-O 12. Rc1 e5 13. d5 Nb6 14. dxc6 bxc6 15.
Ne4 Qe7 16. Qb3 a5 17. Nc5 axb4 18. Qxb4 Nd5 19. Bxd5 cxd5 20. Qb3 Ra5 21. Qxd5
Rd8 22. Qc4 Bf8 23. Ne4 Ba6 24. Qc3 Ra3 25. Qxe5 Qxe5 26. Nxe5 Bxf1 27. Kxf1
Rxa2 28. g4 Bg7 29. Nc6 Rda8 30. Ne7+ Kf8 31. Nd5 R2a4 32. Nb6 Ra1 33. Rxa1
Rxa1+ 34. Kg2 Ra5 35. Nc4 Ra4 36. Ncd2 Be5 37. h3 Bc7 38. Ng3 Ra2 39. Nf3 Kg7
40. Nd4 Bb6 41. Nde2 Bc7 $11 1/2-1/2

[Event "90th YMCA Spring-B"]
[Site "Warszawa"]
[Date "2011.06.07"]
[Round "10"]
[White "Rogalski, Krzysztof"]
[Black "Kadzinski, Wieslaw"]
[Result "0-1"]
[WhiteElo "1890"]
[BlackElo "1979"]
[Annotator "M"]
[PlyCount "116"]
[EventDate "2011.04.05"]
[EventType "tourn"]
[EventRounds "1"]
[EventCountry "POL"]
[SourceDate "2011.04.06"]

1. d4 Nf6 2. c4 g6 3. Nc3 Bg7 4. e4 d6 5. Be2 O-O 6. Nf3 Nbd7 7. O-O e5 8. Bg5
h6 9. Be3 Re8 10. d5 Nc5 11. Nd2 a5 12. Rc1 Bd7 13. b3 Nh7 14. a3 f5 15. f3 f4
16. Bf2 Nf6 17. Re1 Bf8 18. b4 axb4 19. axb4 Na4 20. Qb3 Nxc3 21. Rxc3 g5 22.
c5 Kh8 23. Nc4 Be7 24. c6 bxc6 25. dxc6 Be6 26. Qb2 g4 27. Na5 Rg8 28. Bc4 Bxc4
29. Nxc4 g3 30. hxg3 fxg3 31. Be3 Nh5 32. Rd3 Qf8 33. Rd5 Bg5 34. Kf1 Bxe3 35.
Nxe3 Nf4 36. Ra5 Rb8 37. Rd1 Qf7 38. Ke1 Ne6 39. Nf5 Qf6 40. Kd2 Qg5+ 41. Kc3
Rb6 $11 42. b5 Rgb8 43. Qe2 Nf4 44. Qf1 d5 45. Qh1 d4+ 46. Kc4 Qg8+ 47. Kb4 h5
48. Ne7 Qf8 49. Qh4 Re8 50. Ra6 Rxe7 51. Kc4 Qf7+ 52. Kb4 Re8 53. Rxb6 cxb6 54.
Qxg3 Qe7+ 55. Kb3 Ra8 56. Rc1 Ra3+ 57. Kc2 Qc5+ 58. Kd2 Rd3+ 0-1

[Event "90th YMCA Spring-B"]
[Site "Warszawa"]
[Date "2011.06.07"]
[Round "10"]
[White "Jarmula, Lukasz"]
[Black "Moskwinski, Marek"]
[Result "1-0"]
[WhiteElo "1852"]
[BlackElo "1872"]
[PlyCount "45"]
[EventDate "2011.04.05"]
[EventType "tourn"]
[EventRounds "1"]
[EventCountry "POL"]
[SourceDate "2011.04.06"]

1. e4 c5 2. Nf3 d6 3. d4 cxd4 4. Nxd4 Nf6 5. Nc3 a6 6. Bg5 e6 7. f4 Be7 8. Qf3
Nc6 9. O-O-O Qc7 10. Nxc6 bxc6 11. e5 Nd5 12. Bxe7 Qxe7 13. Ne4 dxe5 14. fxe5
O-O 15. c4 Nb6 16. Nf6+ Kh8 17. Rd4 gxf6 18. exf6 Qc7 19. Qh5 Nd7 20. Qh6 Rg8
21. Bd3 Rg6 22. Bxg6 fxg6 23. Qg7# 1-0

[Event "90th YMCA Spring-B"]
[Site "Warszawa"]
[Date "2011.06.16"]
[Round "11"]
[White "Rzepecka, Dorota"]
[Black "Jarmula, Lukasz"]
[Result "0-1"]
[WhiteElo "1900"]
[BlackElo "1852"]
[PlyCount "84"]
[EventDate "2011.04.05"]
[EventType "tourn"]
[EventRounds "1"]
[EventCountry "POL"]
[SourceDate "2011.04.06"]

1. e4 c5 2. c3 Nf6 3. e5 Nd5 4. Nf3 Nc6 5. Bc4 Nb6 6. Bb3 c4 7. Bc2 Qc7 8. Qe2
g5 9. Nxg5 Qxe5 10. d4 cxd3 11. Bxd3 Qxe2+ 12. Bxe2 h6 13. Nf3 d5 14. O-O Bg4
15. Be3 e5 16. h3 Be6 17. Bb5 Bd6 18. Nbd2 f5 19. Nb3 Nd7 20. Rad1 f4 21. Bc1
Rg8 22. Kh1 Ke7 23. Rfe1 Rg6 24. Nh4 Rf6 25. Nd2 a6 26. Ba4 b5 27. Bc2 Rg8 28.
Ndf3 e4 29. Nd4 Nxd4 30. cxd4 Rg5 31. f3 e3 32. Rg1 Nf8 33. g4 fxg3 34. f4 Rh5
35. Nf3 Bxh3 36. Rxg3 Bf5+ 37. Kg2 Bxc2 38. Re1 Be4 39. Bxe3 Bxf4 40. Rg7+ Kd8
41. Bxf4 Rxf4 42. Re3 Rg5+ 0-1

[Event "90th YMCA Spring-B"]
[Site "Warszawa"]
[Date "2011.05.04"]
[Round "11"]
[White "Potocki, Karol"]
[Black "Rogalski, Krzysztof"]
[Result "1/2-1/2"]
[WhiteElo "1860"]
[BlackElo "1890"]
[Annotator "M"]
[PlyCount "76"]
[EventDate "2011.04.05"]
[EventType "tourn"]
[EventRounds "1"]
[EventCountry "POL"]
[SourceDate "2011.04.06"]

1. d4 Nf6 2. c4 e6 3. Nc3 Bb4 4. Qc2 O-O 5. a3 Be7 6. e4 c5 7. d5 d6 8. f4 Nbd7
9. Nf3 e5 10. fxe5 Nxe5 11. Nxe5 dxe5 12. Be2 Ne8 13. O-O Nd6 14. Be3 b6 15. b4
Bg5 16. Bf2 cxb4 17. axb4 f5 18. c5 Nxe4 19. Nxe4 fxe4 20. Qxe4 Rf4 21. Qxe5
Rxb4 22. Rae1 Bf6 23. Qe3 Bd4 24. Qg3 bxc5 25. Bxd4 Rxd4 26. Qf3 Bd7 27. Qf7+
Kh8 28. Bd1 Bb5 29. Rf5 Bd3 30. Rfe5 Bg6 31. Qe6 a5 32. Bc2 Qg8 33. Bxg6 Qxe6
34. dxe6 hxg6 35. e7 Re8 36. Rxc5 Rd7 37. Rxa5 Rdxe7 38. Rxe7 Rxe7 $11 1/2-1/2